Normal view
MARC view
- Persio Bertiso, Félix
Entry Nom personal
001 - NÚMERO DE CONTROL
- campo de control: 168432
003 - IDENTIFICADOR DEL NÚMERO DE CONTROL
- campo de control: ES-BaIT
005 - FECHA Y HORA DE LA ÚLTIMA TRANSACCIÓN
- campo de control: 20260212124810.0
008 - DATOS DE LONGITUD FIJA
- campo de control de longitud fija: 260212|| aca||aabn | a|a d
040 ## - FUENTE DE LA CATALOGACIÓN
- Centro catalogador/agencia de origen: ES-BaIT
100 1# - ENCABEZAMIENTO-NOMBRE DE PERSONA
- Nombre de persona: Persio Bertiso, Félix
374 ## - OCUPACIÓN
- Ocupación: Dramaturgs
- Ocupación: Poetes
400 0# - TRAZADO DE VÉASE--NOMBRE DE PERSONA
- Nombre de persona: Bertiso
400 1# - TRAZADO DE VÉASE--NOMBRE DE PERSONA
- Nombre de persona: Persio, Félix
670 ## - FUENTE DE DATOS ENCONTRADOS
- Cita de la fuente: BNE/A, 12.02.2006
- Información encontrada: (enc.: Persio Bertiso, Félix)
670 ## - FUENTE DE DATOS ENCONTRADOS
- Cita de la fuente: Teatro español: de la A a la Z. Huerta Calvo, J. Madrid 2005, p. 559
- Información encontrada: Persio Bertiso, Félix (siglo XVII.) Dramaturgo cuya vida constituye un enigma, a su nombre (que tradicionalmente se ha considerado un seudónimo) se publicó el entremés titulado La infanta Palancona, que según algunos críticos sería obra de Quevedo. Blecua dio noticia de un pliego de cordel de 1650, donde consta el origen sevillano de Persio.
670 ## - FUENTE DE DATOS ENCONTRADOS
- Cita de la fuente: Urzáiz Tortajada, H. Catálogo de autores teatrales del siglo XVII, volumen, II, 2002, páginas 515-516
- Información encontrada: (Persio Bertiso, Félix; bajo este nombre "que ofrece todas las apariencias de un seudónimo" según La Barrera, se publicó un entremés titulado La infanta Palancona, que según otros críticos sería de Quevedo. Méndez Bejarano asegura, en cambio, que se trata de un autor diferente)


